Biblioteca y Centro de Documentación

Desafíos emergentes de la descentralización productiva laboral (Registro nro. 53856)

Detalles MARC
000 -CABECERA
Longitud fija campo de control 01646nam a2200457 i 4500
001 - NÚMERO DE CONTROL
Número de control 53856
003 - IDENTIFICADOR DE NÚMERO DE CONTROL
Identificador del número de control ES-MaCES
005 - FECHA Y HORA DE LA ÚLTIMA TRANSACCIÓN
Fecha y hora de la última transacción 20251115040006.0
008 - CAMPO FIJO DE DESCRIPCIÓN FIJA--INFORMACIÓN GENERAL
Códigos de información de longitud fija   250807s2024 sp 000 | spa d
017 ## - NÚMERO DE REGISTRO DE DERECHOS DE AUTOR Y DEPÓSITO LEGAL
Número de copyright o de depósito legal V 1997-2024
Agencia que asigna el número DL
020 ## - ISBN (INTERNATIONAL STANDARD BOOK NUMBER)
Número Internacional Normalizado para Libros (ISBN) 9788410564541
040 ## - FUENTE DE CATALOGACIÓN
Centro catalogador de origen ES-MaCES
Lengua de catalogación spa
Centro transcriptor ES-MaCES
245 00 - MENCIÓN DE TÍTULO
Título Desafíos emergentes de la descentralización productiva laboral
Resto del título : entre autonomía y multilateralismo basado en normas
Mención de responsabilidad, etc. dir. y coord., Rafael Moll Noguera
260 ## - PUBLICACIÓN, DISTRIBUCIÓN, ETC (PIE DE IMPRENTA)
Lugar de publicación, distribución, etc. Valencia
Nombre del editor, distribuidor, etc. Tirant lo Blanch
Fecha de publicación, distribución, etc. 2024
300 ## - DESCRIPCIÓN FÍSICA
Extensión 665 p.
Dimensiones 22 cm
490 1# - MENCIÓN DE SERIE
Mención de serie Monografía Maior
504 ## - NOTA DE BIBLIOGRAFÍA, ETC.
Nota de bibliografía, etc. Bibliografía
541 0# - NOTA DE LA FUENTE INMEDIANTE DE ADQUISICIÓN
Forma de adquisición Compra
650 #4 - ASIENTO SECUNDARIO DE MATERIA--TÉRMINO DE MATERIA
Término de materia o nombre geográfico como elemento inicial reestructuración empresarial
9 (RLIN) 30602
650 #4 - ASIENTO SECUNDARIO DE MATERIA--TÉRMINO DE MATERIA
Término de materia o nombre geográfico como elemento inicial reestructuración industrial
9 (RLIN) 30021
650 #4 - ASIENTO SECUNDARIO DE MATERIA--TÉRMINO DE MATERIA
Término de materia o nombre geográfico como elemento inicial descentralización
9 (RLIN) 27218
650 #4 - ASIENTO SECUNDARIO DE MATERIA--TÉRMINO DE MATERIA
Término de materia o nombre geográfico como elemento inicial organización del trabajo
9 (RLIN) 29209
650 #4 - ASIENTO SECUNDARIO DE MATERIA--TÉRMINO DE MATERIA
Término de materia o nombre geográfico como elemento inicial flexibilidad del trabajo
9 (RLIN) 30174
650 #4 - ASIENTO SECUNDARIO DE MATERIA--TÉRMINO DE MATERIA
Término de materia o nombre geográfico como elemento inicial subcontratación
9 (RLIN) 28256
650 #4 - ASIENTO SECUNDARIO DE MATERIA--TÉRMINO DE MATERIA
Término de materia o nombre geográfico como elemento inicial contrata
9 (RLIN) 29009
650 #4 - ASIENTO SECUNDARIO DE MATERIA--TÉRMINO DE MATERIA
Término de materia o nombre geográfico como elemento inicial red de apoyo empresarial
9 (RLIN) 30593
650 #4 - ASIENTO SECUNDARIO DE MATERIA--TÉRMINO DE MATERIA
Término de materia o nombre geográfico como elemento inicial trabajo a cuenta propia
9 (RLIN) 30170
650 #4 - ASIENTO SECUNDARIO DE MATERIA--TÉRMINO DE MATERIA
Término de materia o nombre geográfico como elemento inicial economía colaborativa
9 (RLIN) 37923
650 #4 - ASIENTO SECUNDARIO DE MATERIA--TÉRMINO DE MATERIA
Término de materia o nombre geográfico como elemento inicial Internet
9 (RLIN) 30572
650 #4 - ASIENTO SECUNDARIO DE MATERIA--TÉRMINO DE MATERIA
Término de materia o nombre geográfico como elemento inicial empleo precario
9 (RLIN) 30171
650 #4 - ASIENTO SECUNDARIO DE MATERIA--TÉRMINO DE MATERIA
Término de materia o nombre geográfico como elemento inicial contrato de trabajo de duración determinada
9 (RLIN) 30650
650 #4 - ASIENTO SECUNDARIO DE MATERIA--TÉRMINO DE MATERIA
Término de materia o nombre geográfico como elemento inicial discriminación por razones de sexo
9 (RLIN) 29521
650 #4 - ASIENTO SECUNDARIO DE MATERIA--TÉRMINO DE MATERIA
Término de materia o nombre geográfico como elemento inicial discriminación contra personas con discapacidad
9 (RLIN) 29672
650 #4 - ASIENTO SECUNDARIO DE MATERIA--TÉRMINO DE MATERIA
Término de materia o nombre geográfico como elemento inicial relaciones laborales
9 (RLIN) 28369
650 #4 - ASIENTO SECUNDARIO DE MATERIA--TÉRMINO DE MATERIA
Término de materia o nombre geográfico como elemento inicial futuro del trabajo
9 (RLIN) 30756
653 10 - TÉRMINO DE INDEXACIÓN--NO CONTROLADO
Término no controlado Relaciones laborales-Empleo
700 ## - ENCABEZAMIENTO SECUNDARIO--NOMBRE PERSONAL
Nombre de persona Moll Noguera, Rafael
9 (RLIN) 38720
Término indicativo de función dir. y col.
830 #0 - ENCABEZAMIENTO SECUNDARIO DE COLECCIÓN--TÍTULO UNIFORME
Título uniforme Monografías Maior (Tirant)
9 (RLIN) 41108
902 ## - CES. TIPO DE DOCUMENTO
Tipodoc (006$c Sirtex) LIB Libro
942 ## - ELEMENTOS KOHA
Fuente de clasificaión o esquema Clasificación propia del CES
Koha [por defecto] tipo de item Monografías
Parte de clasificación Relaciones Laborales y Rel. Lab.- Empleo
Existencias
Número de registro Signatura completa Tipo de item de Koha
203301 SG-2.0.-540 Monografías
© CES, Consejo Económico y Social de España 2021